Countries of the World without the Letter "K" on a map - Statistics

General Stats
  • This quiz has been taken 229 times
  • The average score is 146 of 176
Answers on the Map
Answers color-coded by a green-red scale on the quiz's map according to % correct below.
 
Answer Stats
Country % Correct
United States
94%
Brazil
93%
Canada
93%
China
93%
Mexico
93%
India
92%
Mongolia
92%
Russia
92%
Finland
91%
France
91%
Ireland
91%
Saudi Arabia
91%
Argentina
90%
Australia
90%
Iceland
90%
Norway
90%
Oman
90%
Yemen
90%
Chile
89%
Greece
89%
Japan
89%
Latvia
89%
Nepal
89%
Portugal
89%
Venezuela
89%
Belgium
88%
Bolivia
88%
Colombia
88%
Ecuador
88%
Germany
88%
Guatemala
88%
Indonesia
88%
Italy
88%
New Zealand
88%
Peru
88%
Poland
88%
South Africa
88%
Spain
88%
Sudan
88%
Sweden
88%
Thailand
88%
Vietnam
88%
Albania
87%
Bulgaria
87%
Chad
87%
Cuba
87%
Estonia
87%
Georgia
87%
Haiti
87%
Honduras
87%
Iran
87%
Iraq
87%
Laos
87%
Morocco
87%
Netherlands
87%
Niger
87%
Panama
87%
Paraguay
87%
Romania
87%
Uruguay
87%
Armenia
86%
Bangladesh
86%
Belarus
86%
Croatia
86%
Hungary
86%
Jordan
86%
Libya
86%
Lithuania
86%
Madagascar
86%
United Arab Emirates
86%
Algeria
85%
Austria
85%
Bahamas
85%
Dominican Republic
85%
Egypt
85%
Ethiopia
85%
Nigeria
85%
South Sudan
85%
Suriname
85%
Syria
85%
Zimbabwe
85%
Afghanistan
84%
El Salvador
84%
Luxembourg
84%
Myanmar
84%
Philippines
84%
Switzerland
84%
Taiwan
84%
Bhutan
83%
Bosnia and Herzegovina
83%
Cambodia
83%
Costa Rica
83%
Nicaragua
83%
Qatar
83%
Zambia
83%
Angola
82%
Belize
82%
Czech Republic
82%
Dominica
82%
Guyana
82%
Israel
82%
North Macedonia
82%
Slovenia
82%
Somalia
82%
Democratic Republic of the Congo
81%
Fiji
81%
Guinea
81%
Jamaica
81%
Malaysia
81%
Marshall Islands
81%
Monaco
81%
Montenegro
81%
Mozambique
81%
Senegal
81%
Serbia
81%
Tanzania
81%
Tunisia
81%
Vanuatu
81%
Andorra
80%
Azerbaijan
80%
Bahrain
80%
Barbados
80%
Benin
80%
Cyprus
80%
Liberia
80%
Mali
80%
Moldova
80%
Namibia
80%
Papua New Guinea
80%
Uganda
80%
Djibouti
79%
Eritrea
79%
Ghana
79%
Lesotho
79%
Malta
79%
Republic of the Congo
79%
Solomon Islands
79%
Togo
79%
Tuvalu
79%
Vatican City
79%
Botswana
78%
Cameroon
78%
Federated States of Micronesia
78%
Gambia
78%
Ivory Coast
78%
Lebanon
78%
Trinidad and Tobago
78%
Central African Republic
77%
Gabon
77%
San Marino
77%
Seychelles
77%
Singapore
77%
East Timor
76%
Liechtenstein
76%
Malawi
76%
Palau
76%
Rwanda
76%
Samoa
76%
Tonga
76%
Eswatini
75%
Maldives
75%
Mauritania
75%
Sierra Leone
75%
Brunei
74%
Burundi
74%
Comoros
74%
Guinea-Bissau
74%
Mauritius
74%
Nauru
74%
Antigua and Barbuda
73%
Cape Verde
73%
Saint Lucia
73%
Equatorial Guinea
72%
Grenada
70%
São Tomé and Príncipe
70%
Saint Vincent and the Grenadines
69%
No matching quizzes found
Score Distribution
Percent of People with Each Score
Percentile by Number Answered
Your Score History
You have not taken this quiz